Szczegóły MARC21

The handbook of historical linguistics /

003 -Nazwa inst., której nr kontr. jest w polu 001 [,]
    • @
    • Nazwa instytucji, której n kontrolny jest w polu 001
    • NUKAT
005 -DATA I CZAS OSTATNIEJ MODYFIKACJI [,]
    • @
    • pole kontrolne
    • 20241231105619.0
020 -Międzynarod. znormalizowany nr książki - ISBN [ , ]
    • a
    • Numer ISBN
    • 0631195718 Find
    • q
    • Dopowiedzenie
    • alk. pbk
020 -Międzynarod. znormalizowany nr książki - ISBN [ , ]
    • a
    • Numer ISBN
    • 1405127473 Find
    • q
    • Dopowiedzenie
    • alk. paper : pbk
040 -Instytucja sporządzająca opis [ , ]
    • a
    • Instytucja, która sporządziła opis (NP)
    • WA U/JS
    • c
    • Instytucja, która sporządziła rekord (NP)
    • WA U/JS
    • d
    • Instytucja, która zmodyfikowała rekord (P)
    • WA U/JL
942 -Rodzaj dokumentu [ , ]
    • c
    • Rodzaj dokumentu
    • Książka
245 -Strefa tytułu i oznaczenia odpowiedzialności [0,4]
    • a
    • Tytuł
    • The handbook of historical linguistics / Find
    • c
    • Pozostałe elementy strefy tytułu i oznaczenia odpowiedzialności (NP)
    • ed. by Brian D. Joseph and Richard D. Janda.
260 -Strefa adresu wydawniczego [ , ]
    • a
    • Miejsce wydania (P)
    • Malden :
    • b
    • Nazwa wydawcy (P)
    • Blackwell,
    • c
    • Data wydania (P)
    • cop. 2005.
300 -Strefa opisu fizycznego [ , ]
    • a
    • Określenie formy książki i/lub objętość (NP)
    • XVIII, 881 s. :
    • b
    • Oznaczenie ilustracji (NP)
    • rys. ;
    • c
    • Format (NP)
    • 25 cm.
336 -Typ zawartości [ , ]
    • a
    • Termin opisujący typ zawartości
    • Tekst
    • b
    • Kod określający zawartość
    • txt
    • 2
    • Źródło (terminu i kodu)
    • rdacontent
337 -Typ mediów [ , ]
    • a
    • Tryb odtwarzania
    • Bez urządzenia pośredniczącego
    • b
    • Kod typu mediów
    • n
    • 2
    • Źródło (terminu i kodu)
    • rdamedia
338 -Typ/rodzaj nośnika [ , ]
    • a
    • Hasło opisujące typ nośnika
    • Wolumin
    • b
    • Kod typu nośnika
    • nc
    • 2
    • Źródło (terminu i kodu)
    • rdacarrier
490 -Strefa serii i książki wielotomowej - forma nie do wyszukiwania [1, ]
    • a
    • Tytuł (P)
    • Blackwell Handbooks in Linguistics Find
830 -Hasło dodatkowe serii i opisu książki wielotomowej - tytuł ujednolicony/tytuł [ ,0]
    • a
    • Tytuł ujednolicony/tytuł (NP)
    • Blackwell Handbooks in Linguistics
    • 9
    • KHW
    • 587233
504 -Uwaga dot. bibliogr. załącznikowej [ , ]
    • a
    • Uwaga dot. bibliografii załącznikowej
    • Bibliogr. s. [744]-842.
080 -Uniwersalna Klasyfikacja Dziesiętna [ , ]
    • a
    • Symbol klasyfikacji
    • 800/801(091)(07)=20
080 -Uniwersalna Klasyfikacja Dziesiętna [ , ]
    • a
    • Symbol klasyfikacji
    • +81-11(07)=20
650 -Hasło przedmiotowe [ ,7]
    • a
    • Hasło przedmiotowe
    • Językoznawstwo historyczne.
    • 2
    • Źródło terminu
    • kaba
    • 9
    • KHW
    • 113644
980 -Symbol UKD [ , ]
    • a
    • UKD
    • 800/801(091)+81-11](07)=20
700 -Hasło dodatkowe - nazwa osobowa [1, ]
    • a
    • Nazwa osobowa (NP)
    • Joseph, Brian D. Find
    • e
    • Określenie rodzaju współpracy
    • Red.
    • 9
    • KHW
    • 645017
700 -Hasło dodatkowe - nazwa osobowa [1, ]
    • a
    • Nazwa osobowa (NP)
    • Janda, Richard D. Find
    • e
    • Określenie rodzaju współpracy
    • Red.
    • 9
    • KHW
    • 645018
920 -ISBN [ , ]
    • a
    • ISBN
    • 0-631-19571-8 Find
    • q
    • Dopowiedzenie
    • alk. pbk
920 -ISBN [ , ]
    • a
    • ISBN
    • 1-4051-2747-3 Find
    • q
    • Dopowiedzenie
    • alk. paper : pbk
Sygnatura Status udost. Numer inwentarzowy Data inwentaryzacji Lokalizacja
ANG. Historia jęz. ang. 381A.72382005-08-03BM